Современные подходы к разработке игрового искусственного интеллекта; Молодежь и современные информационные технологии

Xehetasun bibliografikoak
Parent link:Молодежь и современные информационные технологии.— 2021.— [С. 328-330]
Egile nagusia: Коровкин В. А. Виталий Александрович
Erakunde egilea: Национальный исследовательский Томский политехнический университет Управление проректора по цифровизации Информационно-аналитическое управление Центр информационных технологий
Beste egile batzuk: Ткаченко Д. Е.
Gaia:Заглавие с титульного экрана
Hizkuntza:errusiera
Argitaratua: 2021
Saila:Виртуальная и дополненная реальность
Gaiak:
Sarrera elektronikoa:http://earchive.tpu.ru/handle/11683/68094
Formatua: MixedMaterials Baliabide elektronikoa Liburu kapitulua
KOHA link:https://koha.lib.tpu.ru/cgi-bin/koha/opac-detail.pl?biblionumber=633228

MARC

LEADER 00000naa2a2200000 4500
001 633228
005 20231101133742.0
035 |a (RuTPU)RU\TPU\conf\34976 
035 |a RU\TPU\conf\34974 
090 |a 633228 
100 |a 20210707d2021 k y0rusy50 ca 
101 0 |a rus 
102 |a RU 
105 |a y z 101zy 
135 |a drcn ---uucaa 
181 0 |a i  
182 0 |a b 
200 1 |a Современные подходы к разработке игрового искусственного интеллекта  |f В. А. Коровкин, Д. Е. Ткаченко 
203 |a Текст  |c электронный 
225 1 |a Виртуальная и дополненная реальность 
230 |a 1 компьютерный файл (pdf; 522 Кb) 
300 |a Заглавие с титульного экрана 
320 |a [Библиогр.: с. 330 (5 назв.)] 
463 0 |0 (RuTPU)RU\TPU\conf\34857  |t Молодежь и современные информационные технологии  |o сборник трудов XVIII Международной научно-практической конференции студентов, аспирантов и молодых учёных, 22-26 марта 2021 г., г. Томск  |f Национальный исследовательский Томский политехнический университет, Инженерная школа информационных технологий и робототехники ; под ред. Н. Г. Маркова [и др.]  |v [С. 328-330]  |d 2021 
610 1 |a электронный ресурс 
610 1 |a труды учёных ТПУ 
610 1 |a современные подходы 
610 1 |a игровой интелект 
610 1 |a искусственный интеллект 
610 1 |a машинное обучение 
610 1 |a симуляции 
610 1 |a конечные автоматы 
700 1 |a Коровкин  |b В. А.  |c специалист в области информатики и вычислительной техники  |c программист Томского политехнического университета  |f 1990-  |g Виталий Александрович  |2 stltpush  |3 (RuTPU)RU\TPU\pers\31655 
701 1 |a Ткаченко  |b Д. Е. 
712 0 2 |a Национальный исследовательский Томский политехнический университет  |b Управление проректора по цифровизации  |b Информационно-аналитическое управление  |b Центр информационных технологий  |h 7804  |2 stltpush  |3 (RuTPU)RU\TPU\col\25237 
801 2 |a RU  |b 63413507  |c 20210809  |g RCR 
856 4 |u http://earchive.tpu.ru/handle/11683/68094 
942 |c BK